Loading...

മേളപ്പെരുക്കം /

Bibliographic Details
Main Author: പ്രസന്ന കര്‍ത്താ
Other Authors: Prasanna Kartha
Format: Printed Book
Language:English
Published: തൃശൂര്‍ : തിങ്കള്‍ ബുക്സ്, 2013.
Edition:1st ed.
Subjects:
LEADER 00719nam a22001817a 4500
008 180829b xxu||||| |||| 00| 0 eng d
999 |c 24341  |d 24341 
082 |a 894.1301  |b PRA 
100 |a പ്രസന്ന കര്‍ത്താ 
240 |a Melapperukkam 
245 |a മേളപ്പെരുക്കം /  |c പ്രസന്ന കര്‍ത്താ 
250 |a 1st ed. 
260 |a തൃശൂര്‍ :  |a തിങ്കള്‍ ബുക്സ്,  |c 2013. 
300 |a 90p. 
650 |a കഥകള്‍ 
700 |a Prasanna Kartha 
942 |2 ddc  |c BK 
952 |0 0  |1 0  |2 ddc  |4 0  |6 894_130100000000000_PRA  |7 0  |9 33344  |a MAIN  |b MAIN  |d 2018-08-29  |e Gift  |g 65.00  |o 894.1301 PRA  |p 32441  |r 2018-08-29  |t 1  |w 2018-08-29  |y BK